000 00364nam a2200133 i 4500
001 bg
100 1 _aJasicki, Zbigniew
_d(1916-2001).
245 0 _aElektromechaniczne stany przejściowe w systemach energetycznych.
_nT. 1 /
_cZ. Jasicki.
260 _aWarszawa,
_c1987.
040 _cBPK
041 _apol
942 _cKS
008 s pl f |000 0 pol
999 _c3483
_d3483
856 _uhttp://koha.tu.koszalin.pl/cgi-bin/koha/opac-detail.pl?biblionumber=3483
_yKatalog online BPK